Countries by Tourist Attractions #1 - Statistics

General Stats
  • This quiz has been taken 29 times
  • The average score is 10 of 13
Answer Stats
Hint Answer % Correct
Eiffel Tower (Tour Eiffel) France
100%
Colosseum Italy
100%
Mount Fuji Japan
100%
Big Ben UK
100%
Statue of Liberty USA
100%
Forbidden City China
96%
Phuket Thailand
86%
Matterhorn Switzerland
82%
Phu Quoc Vietnam
82%
Jiuzhaigou China
64%
Mae Klong Railway Market Thailand
61%
Merlion Singapore
39%
Victoria Peak China
29%
No matching quizzes found
Score Distribution
Percent of People with Each Score
Percentile by Number Answered
Your Score History
You have not taken this quiz